000 01892cam a2200529Ia 4500
003 PE-LiUPU
005 20250731172857.0
008 070831s2007 bl b 000 0 por d
020 _a8534510148
_q(tapa rústica)
020 _a9788534510141
_q(tapa rústica)
035 _a(Sirsi) i9788534510141
040 _aEXN
_beng
_cEXN
_dEXN
_dOCLCF
_dOCLCO
_dOCLCA
_dOCLCQ
_dOCLCO
040 _aPUCPR
_bspa
_cPUCPR
_dPUCPR
_dCKJAV
_dPE-LiUPU
_erda
041 _aapor
_heng
049 _aPRUA
050 4 _aBV4655.T36
_bP16 2007
100 1 _aWade, Loron.,
_eautor
245 1 3 _aOs dez mandamentos :
_bprincípios divinos para melhorar seus relacionamentos /
_cLoron Wade ; tradução Eunice Scheffel do Prado.
250 _aPrimera edición.
264 1 _aTatuí, São Paulo [Brazil] :
_bCasa Publicadora Brasileira,
_c2007.
300 _a95 páginas ;
_c21 centímetros.
336 _atext
_2rdacontent
337 _aunmediated
_2rdamedia
338 _avolume
_2rdacarrier
500 _aPortuguese translation of: The ten commandments.
504 _aIncludes bibliographical references.
526 _aSEG42
526 _aSEG41
526 _aSEG40
526 _aSEG39
526 _aP94
526 _aP87
526 _aP86
526 _aP85
526 _aP77
526 _aP76
526 _aP35
534 _pTítulo original :
_tThe ten commandments.
650 1 4 _aMandamientos.
910 _alclll
_bjck
_clcll
_d20160811
942 _2ddc
_cBOOK
949 _aBV4655.T36 P16 2007
_wLC
_c1
_i67122
_lCIA
_mBWL
_p2.00
_r1
_sY
_tBOOK
_u2016-8-11
_xWHITE
_zUNKNOWN
_0COMPRA
_o.STAFF. Centro White
994 _aC0
_bPEPRUE
596 _a1
999 _a241.52 W13
_wLC
_c12997
_i75037
_d12997
_f2021-11-10
_g5
_lCCODEBUL1
_mBUL
_p2.00
_q1
_r0
_sY
_tBOOK
_u2016-10-12
_xTEOLOGIA
_PP35
_0COMPRA
_o.STAFF. Colección Teología
980 _81
_gALBERTO SANCHEZ Responsable de Automatización